Performance of RRII 400 series clones in a small holding: A case study (Record no. 49573)

MARC details
000 -LEADER
fixed length control field 00510nam a2200133Ia 4500
100 ## - MAIN ENTRY--AUTHOR NAME
Personal name Gireesh T
245 #0 - TITLE STATEMENT
Title Performance of RRII 400 series clones in a small holding: A case study
260 ## - PUBLICATION, DISTRIBUTION, ETC. (IMPRINT)
Name of publisher IRC 2012. International Rubber Conference, 28-31 October 2012, Kovalam, India, Rubber Research Institute of India, Kottayam and IRRDB, Malaysia: Abstracts. pp.57.
650 ## - SUBJECT ADDED ENTRY--TOPICAL TERM
Topical Term Clone performance
650 ## - SUBJECT ADDED ENTRY--TOPICAL TERM
Topical Term Small holdings
700 ## - ADDED ENTRY--PERSONAL NAME
Personal name Mydin K K
942 ## - ADDED ENTRY ELEMENTS (KOHA)
Koha item type Bibliography STAF
Holdings
Withdrawn status Lost status Damaged status Not for loan Home library Current library Shelving location Date acquired Koha item type
      Bibliography RRII Library RRII Library Crop imporvement 15/04/2003 Bibliography STAF